| 000 | 00669nam a22002417a 4500 | ||
|---|---|---|---|
| 001 | 19385 | ||
| 003 | BD-RjUL | ||
| 005 | 20211209000426.0 | ||
| 008 | 140224r20071999ii ||||| |||| 001 0 eng d | ||
| 020 | _a8171414575 | ||
| 035 | _a(BD-RjUL)19445 | ||
| 040 |
_aBD-RjUL _beng _cBD-RjUL _dBD-RjUL |
||
| 041 | _aeng | ||
| 082 | 0 | 0 |
_221 _a796.31 _bKUH 2007 |
| 100 | 1 |
_aKumar, Ashok, _950324 |
|
| 245 |
_a Handball / _cAshok Kumar. |
||
| 260 |
_aNew Delhi : _bDiscovery publishing house, _c1999 [Reprinted 2007]. |
||
| 300 |
_a187 p. ; _c23 cm. |
||
| 490 | _aDHP sports series | ||
| 504 | _aIncludes index. | ||
| 650 | 4 |
_aHandball _vEntraƮnement. _959605 |
|
| 942 |
_2ddc _cBK |
||
| 999 |
_c19385 _d19385 |
||